Estatísticas para Países da América

Clique aqui para jogar o quiz

Estatísticas Gerais

  • Esse quiz foi jogado 1 798 vezes
  • A pontuação média é 19 de 22

Estatísticas das Respostas

AméricaPaís% Correto
América do SulBrasil
98%
América do SulArgentina
96%
América do SulChile
94%
América do NorteMéxico
94%
América do SulUruguai
94%
América do NorteCanadá
93%
América do SulParaguai
92%
América do SulVenezuela
92%
América do SulBolívia
91%
América do SulColômbia
91%
América do SulEquador
90%
América do SulGuiana
90%
América do SulPeru
90%
América do SulSuriname
87%
América CentralPanamá
80%
América do NorteEUA
79%
América CentralCosta Rica
72%
América CentralEl Salvador
72%
América CentralHonduras
72%
América CentralGuatemala
69%
América CentralNicarágua
68%
América CentralBelize
64%

Distribuição das Pontuações

Percentil de Números Respondidos

Porcentagem de Pessoas com Cada Pontuação

Sua Pontuação Histórica

Você não jogou esse quiz